1837dik Esztendei Aprilis 10én Trentsénbe tartatott Köz-Gyülés alkalmával

Bibliographic Details
Main Author: 1837dik (Author)
Format: Book
Language:Hungarian
PhysicalDescription:3 nečíslované strany 39,5 cm
Published: [Trentsén] kiadta Ordódy Flórián Tek. Ns. trentsén Vgyének Fö Jegyzóje 1837
Subjects:

MARC

LEADER 00000nam a2200000 4500
001 vtls012285391
003 SK-MaSNL
005 20260302095922.0
008 251112s1837 xo f 000 0 hun
015 |a SNBHFA 
040 |a SNKHF  |b slo  |c SNKHF  |e rda 
041 0 |a hun 
043 |a e-xo--- 
044 |a xo  |c SK 
072 7 |a 347.7  |x Obchodné právo. Finančné právo. Právo priemyselného vlastníctva. Patentové právo. Autorské právo  |2 konspekt 
080 |a 347.72.036  |2 2011 
080 |a 437.641  |2 2011 
100 1 |a 1837dik  |4 aut  |9 769706 
245 1 0 |a 1837dik Esztendei Aprilis 10én Trentsénbe tartatott Köz-Gyülés alkalmával 
246 3 |a Ezernyolcszázharminchét Esztendei Aprilis 10én Trentsénbe tartatott Köz-Gyülés alkalmával 
264 1 |a [Trentsén]  |b kiadta Ordódy Flórián Tek. Ns. trentsén Vgyének Fö Jegyzóje  |c 1837 
300 |a 3 nečíslované strany  |c 39,5 cm 
336 |a text  |b txt  |2 rdacontent 
337 |a bez média  |b n  |2 rdamedia 
338 |a zväzok  |b nc  |2 rdacarrier 
546 |a Maďarský text  |b Antikva 
550 |a Údaje do impresa prevzaté z kolofónu 
561 |a Proveniencia: okrúhla pečiatka: Museálna Slovenská Spoločnosť.  |5 SNK SA 817 
563 |a Väzba: previazaná, celoplátená.  |5 SNK SA 817 
650 0 7 |a valné zhromaždenia  |2 SNKPH  |9 49799 
651 7 |a Trenčín (Slovensko)  |2 SNKPHgeo  |9 159956 
700 1 |a Ordódy, Florián  |4 pbl  |9 769707 
710 2 |a Muzeálna slovenská spoločnosť (Martin, Slovensko)  |4 fmo  |9 33033 
752 |a Slovensko  |d Trenčín 
852 |a snk  |p SA 817 
958 |a ONDV 
958 |a DF 
999 |c 1218646  |d 1220576 
952 |t 1  |a SNK  |b SNK  |c SNK_KF  |y PREZ  |7 8  |p 17A0713873  |o snkSA 817  |i snkF 43/66  |8 5  |0 0  |1 0  |2 udc  |4 0  |d 2025-10-15  |l 0  |r 2026-02-24 23:36:00  |w 2026-02-24